Quiz sur la Biélorussie - Statistiques

Statistiques générales
  • Ce quiz a été pris 10 032 fois
  • Le résultat moyen est 13 sur 20
Statistiques - réponses
Question Réponse % Correct
Langues officielles Russe
98%
Capitale Minsk
96%
Pays auquel la Biélorussie appartenait jusqu'en 1991 Union Soviétique
88%
Pays actuel dans lequel cette catastrophe s'est produite Ukraine
86%
Alphabet utilisé par ces deux langues Cyrillique
83%
20% des terres agricoles biélorusses ont été contaminées suite à cette catastrophe terrible ayant eu lieu en 1986 Tchernobyl
82%
Langues officielles Biélorusse
81%
La Biélorussie est le seul pays européen qui n'a pas aboli ceci La peine de mort
80%
Branche du christianisme la plus pratiquée Orthodoxe
78%
Ce manque de liberté vaut à la Biélorussie ce surnom péjoratif La dernière {dictature} d'Europe
77%
Guerre qui a tué 25,3% des biélorusses (le pire bilan humain du monde) Seconde Guerre Mondiale
70%
Devise monétaire Rouble
65%
Nom alternatif du pays Bélarus
64%
Président autoritaire et controversé de la Biélorussie depuis 1994 Alexandre Loukashenko
49%
Ville biélorusse, homonyme d'un port français, où fut signé un traité très important en 1918 Brest
48%
Deuxième sport le plus populaire (après le football) Hockey sur glace
43%
Ce que signifie Biélorussie dans ces langues Russie {Blanche}
37%
Nom donné aux régions administratives biélorusses Voblasts
34%
Trois principaux fleuves qui traversent le pays (nommez-en un) Niémen | Pripiat | Dniepr
28%
Animal national de la Biélorussie {Bison} d'Europe
22%
Aucun quiz correspondant
Distribution des résultats
% des personnes avec chaque résultat
Percentile par nombre de réponses
Votre historique - résultats
Vous n’avez pas pris ce quiz